| 000 | 00510cam a2200193ua 4500 | ||
|---|---|---|---|
| 001 | 3764 | ||
| 008 | 111221n ii |||gr||||Z||||||eng | ||
| 020 | _a0333-90507-5 | ||
| 040 | _cMAIN | ||
| 082 | _a330.1543 | ||
| 100 |
_aAllen, R. G. D., _eAuthor. |
||
| 245 | 1 | 1 |
_aMathematical analysis for economists _cby R. G. D. Allen |
| 250 | _a1st. | ||
| 260 |
_aNew Delhi: _bMacmillan, _c2002. |
||
| 300 |
_a548p: _bill; _c23cm. |
||
| 653 | _aMathematical analysis for economists | ||
| 653 | _aEconomics | ||
| 942 | _cBK | ||
| 999 |
_c3590 _d3590 |
||